000
00278nam a2200109Ia 4500
008
200302s9999 xx 000 0 und d
100
_a
vincent Scully
245
_a
Graham Gund Architects
260
_b
The American Institute of Architects Press
260
_c
1993
300
_a
224 P.,
999
_c
873
_d
873